00493 a2200157 4500050002100000110003600021245007600057264004100133300001200174440002400186500005000210650002800260650002500288650000900313651001300322 aKQE 512 RHO 1974 aRhodesia Government (Authority) aRhodesia government gazette :cRhodesia GovernmentbPart 4. (629-921) / aZimbabwe:bGovernment Printer,c1974 a1071p.: aVolume LII (part 2) aIncludes bibliographical references and index aSubsidiary legislation  aAfrican councils act aActs aRhodesia